000
00279nam a2200097Ia 4500
082
_a
T 616.951 SEXU
245
0
_a
Sexually transmitted diseases
100
_a
NAFF, Clay Farris Detroit [Mich.], [c.2009] 1st ed
942
_c
BK
008
210818s9999 xx 000 0 und d
999
_c
428807
_d
428806